Bão = The tempest = Song ngữ Anh - Việt

Shranjeno v:
Bibliografske podrobnosti
Glavni avtor: Shakespeare
Format: Knjiga
Jezik:Undetermined
Izdano: Đà Nẵng Nhà xuất bản Đà Nẵng 2002
Teme:
Oznake: Označite
Brez oznak, prvi označite!
Thư viện lưu trữ: Trung tâm Học liệu Trường Đại học Cần Thơ
LEADER 00594nam a2200217Ia 4500
001 CTU_92279
008 210402s9999 xx 000 0 und d
020 |c 5000 
082 |a 822.33 
082 |b S527 
100 |a Shakespeare 
245 0 |a Bão = 
245 4 |b The tempest = Song ngữ Anh - Việt 
245 0 |c Shakespeare 
260 |a Đà Nẵng 
260 |b Nhà xuất bản Đà Nẵng 
260 |c 2002 
650 |a English drama ( vietnamese ) 
650 |y 17th century 
904 |i Truc (Tuyen) 
980 |a Trung tâm Học liệu Trường Đại học Cần Thơ